00564nam a2200121Ia 450000500170000000800410001708200160005824500780007425000090015226000340016130000170019550002300021220240516014431.0240331s9999 xx 000 0 und d bCOOa332.71 4aThe co-operative system and rural credit in Sri LankacMarga Publications a1 st aColombobSwastika Pressc1974 av, 174 p .,  aThis study seeks to survey the credit needs of farmers principally the paddy cultivators the schemes organized by the state to meet theses needs, through the co - operative system, and the uses and benefits accruing from them